|
|
|
|
| LEADER |
00000nam0a2200000 4500 |
| 001 |
379036 |
| 005 |
20231102013045.0 |
| 035 |
|
|
|a (RuTPU)RU\TPU\retro\36497
|
| 090 |
|
|
|a 379036
|
| 100 |
|
|
|a 20230626d1979 k y0rusy50 ca
|
| 101 |
0 |
|
|a rus
|
| 102 |
|
|
|a RU
|
| 105 |
|
|
|a a z 001zy
|
| 200 |
1 |
|
|a Теоретические основы радиовысотометрии
|f А. П. Жуковский, Е. И. Оноприенко, В. И. Чижов
|
| 210 |
|
|
|a Москва
|c Советское радио
|d 1979
|
| 215 |
|
|
|a 320 с.
|c ил.
|
| 320 |
|
|
|a Библиогр.: с. 312-317
|
| 320 |
|
|
|a Предметный указатель: с. 318
|
| 320 |
|
|
|a Сокращения и условные обозначения: с. 3-4
|
| 606 |
1 |
|
|a Радиовысотомеры
|x Применение в авиации
|2 stltpush
|3 (RuTPU)RU\TPU\subj\53412
|9 71671
|
| 610 |
1 |
|
|a характеристики
|
| 610 |
1 |
|
|a сигналы
|
| 610 |
1 |
|
|a электродинамическая теория
|
| 610 |
1 |
|
|a протяженные статистически неровные поверхности
|
| 610 |
1 |
|
|a корреляционные функции
|
| 610 |
1 |
|
|a энергетические характеристики
|
| 610 |
1 |
|
|a спектрально-корреляционная теория
|
| 610 |
1 |
|
|a флуктуации
|
| 610 |
1 |
|
|a радиовысотометрия
|
| 675 |
|
|
|a 629.73.05:621.3
|v 4
|
| 700 |
|
1 |
|a Жуковский
|b А. П.
|g Алексей Петрович
|
| 701 |
|
1 |
|a Оноприенко
|b Е. И.
|g Евгений Иванович
|
| 701 |
|
1 |
|a Чижов
|b В. И.
|g Валерий Иванович
|
| 801 |
|
1 |
|a RU
|b 63413507
|c 20230626
|
| 942 |
|
|
|c BK
|